000 00254nam a2200097Ia 4500
001 754961
005 20250826164750.0
008 250824s9999 xx 000 0 und d
245 0 _aALLAHA SÖZ VERDİM
_cMİRAÇ ŞİRİNOĞLU
260 _bYEDİVEREN YAYINLARI
999 _c754961
_d754961